000 00271nam a22001097a 4500
041 _aENG
245 _aEarth-Moving Machinery- Defintions Of Dimensions And Symbols
260 _aNew Delhi
_bBIS
_c1993
300 _a24
650 _aBIS-Test Code
856 _uBIS-Test Code
999 _c1994
_d1994